000
00316nam a2200133Ia 4500
008
190723s9999 xx 000 0 und d
020
_a
978-93-5129-794-9
100
_a
Denise R.Ferrier
245
0
_a
Bio Chemistry
250
_a
7th
260
_a
philadelphia
_b
Wolters kluwer
_c
2017
300
_a
563:p
942
_c
BK
999
_c
1548
_d
1548